BUBT Library Online Catalog

Understanding English Grammar/ (Record no. 6877)

000 -LEADER
fixed length control field 00785nam a22002417a 4500
003 - CONTROL NUMBER IDENTIFIER
control field BUBTL
008 - FIXED-LENGTH DATA ELEMENTS--GENERAL INFORMATION
fixed length control field 221214b ||||| |||| 00| 0 eng d
020 ## - INTERNATIONAL STANDARD BOOK NUMBER
International Standard Book Number 9780134014180
082 ## - DEWEY DECIMAL CLASSIFICATION NUMBER
Classification number 428.2/ K833u/ 2016
100 ## - MAIN ENTRY--PERSONAL NAME
9 (RLIN) 5077
Personal name Kolln, Martha
245 ## - TITLE STATEMENT
Title Understanding English Grammar/
Statement of responsibility, etc. Martha Kolln, Loretta Gray, Joseph Salvatore
250 ## - EDITION STATEMENT
Edition statement 10th Edn.
260 ## - PUBLICATION, DISTRIBUTION, ETC. (IMPRINT)
Place of publication, distribution, etc. Boston:
Name of publisher, distributor, etc. Pearson,
Date of publication, distribution, etc. c2016
300 ## - PHYSICAL DESCRIPTION
Extent xiv, 418 p.:
Dimensions 25 cm.
500 ## - GENERAL NOTE
General note Includes Index
505 ## - FORMATTED CONTENTS NOTE
Formatted contents note Understanding English Grammar, English Grammar, English, Martha Kolln, Loretta Gray, Joseph Salvatore
650 #0 - SUBJECT ADDED ENTRY--TOPICAL TERM
9 (RLIN) 194
Topical term or geographic name as entry element English Language
700 ## - ADDED ENTRY--PERSONAL NAME
9 (RLIN) 5078
Personal name Gray, Loretta
700 ## - ADDED ENTRY--PERSONAL NAME
9 (RLIN) 5079
Personal name Salvatore, Joseph
856 ## - ELECTRONIC LOCATION AND ACCESS
Password 0
Logon 0
Link text Download
942 ## - ADDED ENTRY ELEMENTS (KOHA)
Source of classification or shelving scheme
Koha item type Books
Holdings
Withdrawn status Lost status Source of classification or shelving scheme Damaged status Not for loan Collection code Permanent location Current location Shelving location Date acquired Source of acquisition Inventory number Total Checkouts Full call number Barcode Date last seen Copy number Price effective from Koha item type
          Non-fiction Bangladesh University of Business and Technology Library Bangladesh University of Business and Technology Library English Literature Stacks 11/03/2022 Purchase 28861   428.2/ K833u/ 2016 BUBTL-200328861 12/15/2022 C-1 12/15/2022 Books

More Information About Library

Library Hours

  • Open: 9.00 am. to 9.00 pm.
  • Only Sunday: 9.00 am. to 6.00 pm.
  • Closed: Holiday

Contact to the University

Bangladesh University of Business and Technology Library

  • Mirpurl-2, 1216.
  • Phone:
  • Fax:
  • E-Mail: admin.library@bubt.edu.bd

Contact to the Library

Contact Person:

Md. Abdul Hakim Shah
Joint Librarian
PABX No:  113
Cell No: 01816332931
E-mail: official: admin.library@bubt.edu.bd
Personal: hakim.shah@bubt.edu.bd


BUBT Library

Copyright © 2021